000 00668nam a2200253Ia 4500
005 20250425160653.0
008 250425s9999 xx 000 0 und d
020 _a9688800120
041 _aspa
082 _a657.8
100 _aHORNGREN, CHARLES T
245 0 _aCONTABILIDAD ADMINISTRATIVA INTRODUCCION
250 _a1A ED.
260 _aMEXICO
260 _aMéxico
_bPRENTICE-HALL HISPANOAMERICANA
_c1983
300 _a654
650 _aCONTABILIDAD ADMINISTRATIVA
650 _aCOSTOS DE PRODUCCION
650 _aPRESUPUESTO DE INVERSION
650 _aTOMA DE DECISIONES
700 _aFERNANDO CUEVA
_etraductor
942 _c01
010 _a1906
999 _c193779
_d193779